| 000 | 01765nam a2200445 a 4500 | ||
|---|---|---|---|
| 001 | ebr10234979 | ||
| 003 | CaPaEBR | ||
| 006 | m u | ||
| 007 | cr cn||||||||| | ||
| 008 | 060911s2007 ne b sb 001 0deng d | ||
| 010 | _z 2006049279 | ||
| 015 |
_aGBA688570 _2bnb |
||
| 016 | 7 |
_z013579042 _2Uk |
|
| 020 | _z9004152903 (hardback : alk. paper) | ||
| 020 | _z9789004152908 (hardback : alk. paper) | ||
| 020 | _z9789047410539 | ||
| 040 |
_aCaPaEBR _cCaPaEBR |
||
| 035 | _a(OCoLC)290586745 | ||
| 041 | 1 |
_aeng _hgrc |
|
| 043 | _aa-tu--- | ||
| 050 | 1 | 4 |
_aBR65.G74 _bE5 2007eb |
| 082 | 0 | 4 |
_a270.2092 _222 |
| 100 | 0 |
_aGregory, _cof Nyssa, Saint, _dca. 335-ca. 394. |
|
| 240 | 1 | 0 |
_aCorrespondence. _lEnglish |
| 245 | 1 | 0 |
_aGregory of Nyssa _h[electronic resource] : _bthe letters / _cintroduction, translation and commentary by Anna M. Silvas. |
| 246 | 3 | 0 | _aLetters |
| 260 |
_aLeiden ; _aBoston : _bBrill, _c2007. |
||
| 300 |
_axix, 283 p. : _bmap. |
||
| 490 | 1 |
_aSupplements to Vigiliae Christianae, _x0920-623X ; _vv. 83 |
|
| 504 | _aIncludes bibliographical references (p. [271]-276) and indexes. | ||
| 533 |
_aElectronic reproduction. _bPalo Alto, Calif. : _cebrary, _d2013. _nAvailable via World Wide Web. _nAccess may be limited to ebrary affiliated libraries. |
||
| 546 | _aTranslated from the Ancient Greek. | ||
| 600 | 0 | 0 |
_aGregory, _cof Nyssa, Saint, _dca. 335-ca. 394. _tCorrespondence. |
| 650 | 0 |
_aChristian saints _zTurkey _vCorrespondence. |
|
| 655 | 7 |
_aElectronic books. _2local |
|
| 700 | 1 | _aSilvas, Anna. | |
| 710 | 2 | _aebrary, Inc. | |
| 830 | 0 |
_aSupplements to Vigiliae Christianae ; _vv. 83. |
|
| 856 | 4 | 0 |
_uhttp://site.ebrary.com/lib/rucke/Doc?id=10234979 _zAn electronic book accessible through the World Wide Web; click to view |
| 999 |
_c38627 _d38627 |
||